Upcoming MCU Projects - Statistics

General Stats
  • This quiz has been taken 33 times
    7 since last reset
  • The average score is 9 of 10
Answer Stats
Release Date Project Type Project % Correct
1 May 2026 Movie Avengers: Doomsday
100%
7 May 2027 Movie Avengers: Secret Wars
100%
14 February 2025 Movie Captain America: Brave New World
100%
March 2025 Show Daredevil Born Again
100%
2 May 2025 Movie Thunderbolts
100%
19 September 2024 Show Agatha All Along
80%
7 November 2025 Movie Blade
80%
25 July 2025 Movie Fantastic Four
80%
TBC Show Wonderman
80%
3 September 2025 Show Ironheart
60%
No matching quizzes found
Score Distribution
Percent of People with Each Score
Percentile by Number Answered
Your Score History
You have not taken this quiz since the last reset